| 000 | 00668nam a2200241Ia 4500 | ||
|---|---|---|---|
| 003 | OSt | ||
| 005 | 20221005101719.0 | ||
| 006 | a|||||r|||| 00| 0 | ||
| 007 | ta | ||
| 008 | 221004b |||||||| |||| 00| 0 mal d | ||
| 024 | _a58405 | ||
| 037 | _cTextual | ||
| 040 |
_aCRL _cCRL _bmal |
||
| 041 |
_2mal _amal |
||
| 082 | _aO32,6N101j, 111L0 | ||
| 100 |
_aPillai P.K. Narayana _9591430 |
||
| 245 | 0 | _aPratibhanam | |
| 260 |
_aTrivandrum _bKerala University India _c1970 |
||
| 300 |
_a282p. _ccm. |
||
| 650 |
_aMALAYALAM LITERATURE _938866 |
||
| 942 |
_hO32,6N101j, 111L0 _cTEXL _2cc |
||
| 999 |
_c1007274 _d1007274 |
||